Science Quiz

Random Science Quiz
Score 0/5 Timer 04:00
0 Plays Today
Question % Correct
Builds Strong BonesCalcium
95.5%
Bone DoctorOrthopedist
54.5%
The state where the best orthopedic hospital New York
36.4%
Helps the BODY absorb calciumVitamin D
31.8%
Do NOT cheat on a girl whose Dad.....has an anger problem and a golf club
4.5%
Remove Ads.
Support Sporcle.
Get the best of Sporcle when you Go Orange. This ad-free experience offers more features, more stats, and more fun while also helping to support Sporcle. Thank you for becoming a member.

You're not logged in!

Compare scores with friends on all Sporcle quizzes.
OR
Log In

Sporcle TV

Today on Sporcle TV


Watch our educational content, quiz creation guides, and fun videos on Sporcle TV.

Show Comments

Extras

Created Mar 18, 2012ReportNominate
Tags:bones

Top Quizzes Today


Score Distribution

Paid Content

Your Account Isn't Verified!

In order to create a playlist on Sporcle, you need to verify the email address you used during registration. Go to your Sporcle Settings to finish the process.

Report this User

Report this user for behavior that violates our Community Guidelines.

Details: